[Event "6th Sharjah Masters 2023"]
[Site "Sharjah UAE"]
[Date "2023.05.23"]
[Round "7.4"]
[White "Yakubboev, Nodirbek"]
[Black "Praggnanandhaa, R"]
[Result "1-0"]
[WhiteTitle "GM"]
[BlackTitle "GM"]
[WhiteElo "2630"]
[BlackElo "2688"]
[WhiteFideId "14203987"]
[BlackFideId "25059530"]
[EventDate "2023.05.17"]
[EventType "swiss"]

1. c4 Nf6 2. Nc3 e5 3. e3 Bb4 4. Nge2 O-O 5. a3 Be7 6. d4 exd4 7. Qxd4 a5 8. Ng3
Re8 9. b3 Bd6 10. Bb2 Be5 11. Qd2 Na6 12. Na4 d6 13. Be2 Bd7 14. Nc3 Nc5 15. Qc2
h5 16. b4 Na4 17. Nxa4 Bxa4 18. Qc1 h4 19. Nf5 h3 20. g3 Qd7 21. Nd4 axb4 22.
axb4 c5 23. bxc5 dxc5 24. Nf3 Bxb2 25. Qxb2 Qf5 26. O-O Bc6 27. Rxa8 Rxa8 28.
Nd2 Re8 29. Qb1 Qd7 30. Qc2 Ba4 31. Qb2 Rd8 32. Nb1 Ne4 33. f3 Nd2 34. Re1 Nxb1
35. Rxb1 Bc6 36. Kf2 Qe6 37. Qc3 g5 38. Rd1 Rxd1 39. Bxd1 g4 40. Qd3 gxf3 41.
Qd8+ Kh7 42. Bc2+ Kg7 43. Qg5+ Kf8 44. Qxc5+ Qe7 45. Qxe7+ Kxe7 46. Bf5 Kd6 47.
Bxh3 Kc5 48. Bf5 Kxc4 49. h4 Kd5 50. h5 Ke5 51. h6 Kf6 52. g4 1-0

[Event "6th Sharjah Masters 2023"]
[Site "Sharjah UAE"]
[Date "2023.05.23"]
[Round "7.5"]
[White "Esipenko, Andrey"]
[Black "Nihal, Sarin"]
[Result "1/2-1/2"]
[WhiteTitle "GM"]
[BlackTitle "GM"]
[WhiteElo "2679"]
[BlackElo "2673"]
[WhiteFideId "24175439"]
[BlackFideId "25092340"]
[EventDate "2023.05.17"]
[EventType "swiss"]

1. d4 Nf6 2. c4 e6 3. g3 d5 4. Nf3 Bb4+ 5. Bd2 Be7 6. Bg2 O-O 7. Qc2 c6 8. Nc3
Nbd7 9. h4 dxc4 10. Rd1 b5 11. Ne5 Bb7 12. Nxc6 Bxc6 13. Bxc6 b4 14. Na4 Rc8 15.
Bb7 Rc7 16. Bf3 Nb6 17. O-O Nxa4 18. Qxa4 c3 19. bxc3 bxc3 20. Bf4 Bd6 21. Bg5
h6 22. Bxf6 Qxf6 23. Rd3 e5 1/2-1/2

[Event "6th Sharjah Masters 2023"]
[Site "Sharjah UAE"]
[Date "2023.05.23"]
[Round "7.6"]
[White "Tabatabaei, M. Amin"]
[Black "Petrosyan, Manuel"]
[Result "1-0"]
[WhiteTitle "GM"]
[BlackTitle "GM"]
[WhiteElo "2677"]
[BlackElo "2629"]
[WhiteFideId "12521213"]
[BlackFideId "13300857"]
[EventDate "2023.05.17"]
[EventType "swiss"]

1. c4 Nf6 2. Nf3 e6 3. Nc3 d5 4. e3 c5 5. d4 Nc6 6. cxd5 exd5 7. Bb5 cxd4 8.
exd4 Bd6 9. O-O O-O 10. h3 h6 11. Re1 Re8 12. Ne5 Bxe5 13. Bxc6 Bh2+ 14. Kxh2
Rxe1 15. Qxe1 Qd6+ 16. Qe5 Qxc6 17. f3 Bd7 18. Bf4 Re8 19. Qd6 a5 20. Rc1 Qxd6
21. Bxd6 Bc6 22. Kg1 Nh7 23. h4 Nf8 24. Bxf8 Kxf8 25. Kf2 Ke7 26. Nd1 Ra8 27.
Ne3 Ra6 28. g4 Rb6 29. Rc2 g6 30. Kg3 Rb4 31. Rd2 Kf6 32. f4 h5 33. g5+ Ke6 34.
f5+ Kd6 35. Kf3 Bd7 36. Kf4 Rb6 37. fxg6 fxg6 38. Nd1 Rc6 39. Nc3 Rc4 40. Ke3
Bf5 41. Re2 Kc6 42. Rf2 b5 43. Ne2 Rc2 44. Rxf5 gxf5 45. Kd3 Rxb2 46. g6 f4 47.
g7 f3 48. Ng3 1-0

[Event "6th Sharjah Masters 2023"]
[Site "Sharjah UAE"]
[Date "2023.05.23"]
[Round "7.7"]
[White "Martirosyan, Haik M."]
[Black "Aryan, Chopra"]
[Result "1-0"]
[WhiteTitle "GM"]
[BlackTitle "GM"]
[WhiteElo "2675"]
[BlackElo "2617"]
[WhiteFideId "13306553"]
[BlackFideId "5084423"]
[EventDate "2023.05.17"]
[EventType "swiss"]

1. d4 Nf6 2. c4 e6 3. Nf3 b6 4. g3 Ba6 5. Qa4 Bb7 6. Bg2 c5 7. dxc5 bxc5 8. O-O
Be7 9. Rd1 O-O 10. Bf4 Qb6 11. Nc3 d6 12. Rd2 Rd8 13. Rad1 h6 14. Qc2 Rd7 15. h3
Nc6 16. e4 Rad8 17. Be3 Qc7 18. b3 Qc8 19. Qb1 Qa8 20. Ne1 e5 21. Nd5 Nd4 22.
Nd3 Nxd5 23. exd5 a5 24. f4 exf4 25. Bxd4 cxd4 26. Nxf4 Bf6 27. Ne2 Re8 28. Nxd4
Rde7 29. Kh2 Bc8 30. c5 Bxd4 31. cxd6 Re3 32. Rxd4 Qb8 33. Rf4 Qxd6 34. Rdf1 f5
35. R1f2 Bd7 36. Qc2 Rc8 37. Qd2 Rcc3 38. R2f3 Qe5 39. Rxe3 Rxe3 40. Qd4 Qxd4
41. Rxd4 Re2 42. a4 Kf7 43. Rd3 Ke7 44. d6+ Ke6 45. Kg1 Rc2 46. Bb7 Bc8 47. Ba6
Rc1+ 48. Kf2 Rc2+ 49. Ke1 Rc5 50. Bc4+ Kd7 51. Bb5+ Kd8 52. d7 Bb7 53. Rd6 Re5+
54. Kf2 Rd5 55. Rg6 1-0

[Event "6th Sharjah Masters 2023"]
[Site "Sharjah UAE"]
[Date "2023.05.23"]
[Round "7.8"]
[White "Niemann, Hans Moke"]
[Black "Kovalev, Vladislav"]
[Result "1/2-1/2"]
[WhiteTitle "GM"]
[BlackTitle "GM"]
[WhiteElo "2708"]
[BlackElo "2612"]
[WhiteFideId "2093596"]
[BlackFideId "13504398"]
[EventDate "2023.05.17"]
[EventType "swiss"]

1. e4 e5 2. Nf3 Nc6 3. Bb5 a6 4. Ba4 Nf6 5. O-O Be7 6. Re1 b5 7. Bb3 d6 8. c3
O-O 9. h3 a5 10. a4 b4 11. d4 bxc3 12. bxc3 exd4 13. Nxd4 Bd7 14. Be3 Rb8 15.
Nd2 Re8 16. Qc2 Qc8 17. Qa2 Nd8 18. f4 Bxh3 19. gxh3 Qxh3 20. Nf1 Nxe4 21. Qg2
Qxg2+ 22. Kxg2 Bf6 23. Nb5 c6 24. Ba7 Rb7 25. Nd2 d5 26. Bg1 Rf8 27. Nxe4 dxe4
28. Bc5 cxb5 29. Bd5 Ne6 30. Bxe6 fxe6 31. Bxf8 Kxf8 32. Rxe4 b4 33. Rb1 Bxc3
34. Rxe6 Bf6 35. Rb3 Rd7 36. Kf3 Bc3 37. Ra6 Rd5 38. Ke4 Rc5 39. Rb1 Ke7 40.
Ra7+ Ke6 41. Ra6+ Ke7 42. Ra7+ Ke6 43. Ra6+ 1/2-1/2

[Event "6th Sharjah Masters 2023"]
[Site "Sharjah UAE"]
[Date "2023.05.23"]
[Round "7.10"]
[White "Kuybokarov, Temur"]
[Black "Salem, A.R. Saleh"]
[Result "1-0"]
[WhiteTitle "GM"]
[BlackTitle "GM"]
[WhiteElo "2566"]
[BlackElo "2677"]
[WhiteFideId "14203049"]
[BlackFideId "9301348"]
[EventDate "2023.05.17"]
[EventType "swiss"]

1. e4 e5 2. Nf3 Nc6 3. Bb5 a6 4. Ba4 Nf6 5. O-O Be7 6. Re1 b5 7. Bb3 O-O 8. h3
Bb7 9. d3 d6 10. a3 Nb8 11. Nbd2 Nbd7 12. Nf1 Re8 13. Ba2 c6 14. Bd2 Bf8 15. g4
Nc5 16. g5 Nfd7 17. h4 d5 18. N1h2 Qc7 19. Ng4 Rad8 20. h5 Re6 21. Rb1 Na4 22.
d4 Nab6 23. dxe5 c5 24. Ba5 dxe4 25. Bxe6 fxe6 26. Nd2 Nxe5 27. Bxb6 Qxb6 28.
Nxe5 Qc7 29. Qg4 Qxe5 30. Nxe4 Rd4 31. f3 Qf5 32. Qg2 c4 33. Rbd1 Rd5 34. c3 Qf4
35. Rxd5 Bxd5 36. Qg4 Qb8 37. h6 Qa7+ 38. Kg2 Qf7 39. hxg7 Be7 40. Rh1 Qxg7 41.
Rh6 Kf8 42. Nf6 Bxf6 43. Rxf6+ Kg8 44. Qf4 Qe7 45. g6 e5 46. gxh7+ Kh8 47. Qh6 1-0

[Event "6th Sharjah Masters 2023"]
[Site "Sharjah UAE"]
[Date "2023.05.23"]
[Round "7.11"]
[White "Kadric, Denis"]
[Black "Sindarov, Javokhir"]
[Result "1-0"]
[WhiteTitle "GM"]
[BlackTitle "GM"]
[WhiteElo "2601"]
[BlackElo "2661"]
[WhiteFideId "14403803"]
[BlackFideId "14205483"]
[EventDate "2023.05.17"]
[EventType "swiss"]

1. e4 c5 2. Nf3 g6 3. d4 cxd4 4. Nxd4 Nc6 5. Nc3 Bg7 6. Be3 Nf6 7. Bc4 O-O 8.
Bb3 d6 9. f3 Bd7 10. h4 h5 11. Qd2 Ne5 12. O-O-O Rc8 13. Bh6 Nc4 14. Bxc4 Rxc4
15. Bxg7 Kxg7 16. Qe3 Qb6 17. Kb1 Qc5 18. Rhe1 Rc8 19. Nb3 Qxe3 20. Rxe3 Kf8 21.
a3 R4c6 22. Rd2 Rb6 23. g3 e5 24. Na5 Rc5 25. Nb3 Rc7 26. Na5 Rc5 27. Nb3 Rc4
28. Red3 Ke7 29. Kc1 Ra6 30. Rd1 Rc8 31. Nd2 Be6 32. Nf1 Bc4 33. R3d2 Bxf1 34.
Rxf1 Rxa3 35. bxa3 Rxc3 36. Rd3 Rc6 37. Kd2 Nd7 38. Rc3 Nc5 39. Ke3 f5 40. Rb1
b6 41. Rg1 b5 42. Ke2 Rc8 43. g4 hxg4 44. exf5 gxf5 45. fxg4 f4 46. g5 e4 47. g6
Kf6 48. h5 f3+ 49. Ke3 Kg7 50. Rd1 Rf8 51. Kf2 Rf5 52. Rxd6 Rxh5 53. Rc6 Rh2+
54. Kg1 Rg2+ 55. Kf1 Nd7 56. Rd6 Nf6 57. Rc7+ Kxg6 58. Rcc6 Rh2 59. Rxf6+ Kg5
60. Rf8 1-0

[Event "6th Sharjah Masters 2023"]
[Site "Sharjah UAE"]
[Date "2023.05.23"]
[Round "7.12"]
[White "Cheparinov, Ivan"]
[Black "Vakhidov, Jakhongir"]
[Result "1/2-1/2"]
[WhiteTitle "GM"]
[BlackTitle "GM"]
[WhiteElo "2660"]
[BlackElo "2607"]
[WhiteFideId "2905540"]
[BlackFideId "14201801"]
[EventDate "2023.05.17"]
[EventType "swiss"]

1. e4 e5 2. Nf3 Nc6 3. Bc4 Nf6 4. d3 d5 5. exd5 Nxd5 6. O-O Be7 7. Re1 f6 8. d4
Nb6 9. Bb5 O-O 10. dxe5 Qxd1 11. Rxd1 Nxe5 12. Nxe5 fxe5 13. Nc3 Bf5 14. Bd3
Bxd3 15. Rxd3 Rad8 16. Rxd8 Rxd8 17. Kf1 Nd5 18. Nxd5 Rxd5 19. Be3 a6 20. Ke2 e4
21. c4 Rd8 22. Rc1 1/2-1/2

[Event "6th Sharjah Masters 2023"]
[Site "Sharjah UAE"]
[Date "2023.05.23"]
[Round "7.13"]
[White "Nguyen, Thai Dai Van"]
[Black "Mchedlishvili, Mikheil"]
[Result "1/2-1/2"]
[WhiteTitle "GM"]
[BlackTitle "GM"]
[WhiteElo "2645"]
[BlackElo "2553"]
[WhiteFideId "358878"]
[BlackFideId "13600966"]
[EventDate "2023.05.17"]
[EventType "swiss"]

1. e4 e5 2. Nf3 Nc6 3. Bc4 Bc5 4. c3 Nf6 5. d3 d6 6. O-O a5 7. Re1 O-O 8. h3 Ba7
9. Nbd2 Be6 10. Bb5 Ne7 11. d4 Ng6 12. Ba4 Nh5 13. Nf1 Nhf4 14. Ng3 Qc8 15. Ng5
Qd8 16. Nf3 Qc8 17. Bb5 f6 18. Bf1 Kh8 19. Be3 c6 20. c4 Qc7 21. Rc1 Bg8 22. h4
Ne6 23. h5 Ne7 24. Qd2 h6 25. Red1 Rad8 26. Rc3 Bh7 27. Ra3 Bb6 28. Qc1 c5 29.
d5 Ng5 30. Nh4 Ra8 31. Bd3 Qd7 32. f3 a4 33. Qc2 Ba5 34. Bf1 Bb4 35. Rad3 a3 36.
b3 b5 37. cxb5 Qxb5 38. R3d2 Qa5 39. Rf2 Bc3 40. Bd2 Bxd2 41. Rdxd2 Qa7 42. Bc4
Qd7 43. Bd3 Rab8 44. Qc1 Qa7 45. Kh2 Ra8 46. Qc2 Qd7 47. Rd1 Qa7 48. Rdd2 Qd7
49. Rd1 Qa7 50. Rdd2 1/2-1/2

[Event "6th Sharjah Masters 2023"]
[Site "Sharjah UAE"]
[Date "2023.05.23"]
[Round "7.14"]
[White "Murzin, Volodar"]
[Black "Yilmaz, Mustafa"]
[Result "1/2-1/2"]
[WhiteTitle "GM"]
[BlackTitle "GM"]
[WhiteElo "2604"]
[BlackElo "2641"]
[WhiteFideId "44155573"]
[BlackFideId "6302718"]
[EventDate "2023.05.17"]
[EventType "swiss"]

1. e4 e5 2. Nf3 Nc6 3. Bb5 a6 4. Ba4 Nf6 5. O-O Be7 6. d3 b5 7. Bb3 d6 8. a4 Bd7
9. Bd2 O-O 10. Nc3 Bg4 11. Be3 Na5 12. Ba2 b4 13. Ne2 Rb8 14. Nd2 d5 15. h3 Bh5
16. g4 Bg6 17. Ng3 h6 18. Nf3 dxe4 19. dxe4 Qxd1 20. Raxd1 Bd6 21. Nd2 Rfd8 22.
Nf5 Bf8 23. Nf3 Re8 24. Nd2 Red8 25. Nf3 1/2-1/2

[Event "6th Sharjah Masters 2023"]
[Site "Sharjah UAE"]
[Date "2023.05.23"]
[Round "7.15"]
[White "Abasov, Nijat"]
[Black "Suleymanli, Aydin"]
[Result "1/2-1/2"]
[WhiteTitle "GM"]
[BlackTitle "GM"]
[WhiteElo "2634"]
[BlackElo "2560"]
[WhiteFideId "13402960"]
[BlackFideId "13413937"]
[EventDate "2023.05.17"]
[EventType "swiss"]

1. c4 Nf6 2. Nf3 e6 3. g3 d5 4. Bg2 Be7 5. d4 O-O 6. O-O dxc4 7. Qc2 a6 8. a4
Bd7 9. Rd1 Bc6 10. Bg5 b5 11. Bxf6 Bxf6 12. Nc3 Qe8 13. e4 g6 14. d5 Bb7 15. e5
Bg7 16. Ng5 exd5 17. Nxd5 Nc6 18. e6 fxe6 19. Nxc7 Qe7 20. axb5 Nd4 21. Rxd4
Bxd4 22. Bxb7 Qxc7 23. Qe4 Bxb2 24. Rf1 Rae8 25. bxa6 Rf5 26. Nxe6 Qb6 27. Qxc4
Qxe6 28. Qxe6+ Rxe6 29. a7 Ra5 30. a8=Q+ Rxa8 31. Bxa8 Ra6 32. Bd5+ Kf8 33. Kg2
Ra1 34. Rxa1 Bxa1 1/2-1/2

[Event "6th Sharjah Masters 2023"]
[Site "Sharjah UAE"]
[Date "2023.05.23"]
[Round "7.16"]
[White "Dardha, Daniel"]
[Black "Aditya, Mittal"]
[Result "1/2-1/2"]
[WhiteTitle "GM"]
[BlackTitle "GM"]
[WhiteElo "2631"]
[BlackElo "2522"]
[WhiteFideId "240990"]
[BlackFideId "35042025"]
[EventDate "2023.05.17"]
[EventType "swiss"]

1. Nf3 d5 2. g3 g6 3. Bg2 Bg7 4. d4 Nf6 5. c4 dxc4 6. Qa4+ Nfd7 7. Qxc4 c5 8.
dxc5 Qa5+ 9. Nc3 Qxc5 10. Qb3 O-O 11. Be3 Qa5 12. O-O Nb6 13. Nd4 Bxd4 14. Bxd4
Nc6 15. Be3 Be6 16. Qb5 Qxb5 17. Nxb5 Bd5 18. Bh3 Bc4 19. Nc3 Nd5 20. Nxd5 Bxd5
21. Rfc1 Rfd8 22. Rc5 f5 23. Bg2 Bxg2 24. Kxg2 Kf7 25. h4 Nb4 26. Rac1 Rd7 27.
a3 Nd5 28. Bg5 Rad8 29. R5c4 Nf6 30. f3 a6 31. a4 Rd4 32. a5 R8d5 33. b4 Ke6 34.
Kf2 Nd7 35. Rc8 Rxb4 36. Rh8 Nf6 37. Rc7 Rb2 38. Bxf6 Kxf6 39. Rf8+ Ke6 40. Re8
Rd7 41. Rxd7 Kxd7 42. Rh8 Rb5 43. Rxh7 Ke6 44. Rh6 Kf7 45. Rh7+ Kf6 46. g4 fxg4
47. fxg4 Rxa5 48. g5+ Ke6 49. Rg7 Kf5 50. Kf3 Ra4 51. Rxe7 Rxh4 52. Rxb7 Rf4+
53. Kg3 Kxg5 54. Ra7 Rf6 55. e4 Rb6 56. Ra8 Rb3+ 57. Kf2 Ra3 58. e5 Kf5 59. Re8
Ra5 60. e6 Kf6 61. e7 g5 62. Kf3 Kf7 63. Rh8 Kxe7 64. Rh6 Ra4 65. Rg6 g4+ 66.
Kg3 a5 67. Rg5 Kd6 68. Rh5 Kc6 69. Rg5 Kb6 70. Rg6+ Kb5 71. Rg5+ Kb4 72. Rxg4+
Kb3 73. Rg5 Ra1 74. Kh2 Ra2+ 75. Kh1 Ra1+ 76. Kh2 Ra2+ 77. Kh1 a4 78. Rg3+ Kc4
79. Rg4+ Kd3 80. Kg1 a3 81. Rg3+ Kc2 82. Rg2+ Kb1 83. Rg3 Ra1 84. Kh2 Kc2 85.
Rf3 Ra2 86. Kg1 Ra1+ 87. Kg2 Kd2 88. Rf2+ Ke3 89. Rf3+ Ke4 90. Rc3 Ra2+ 91. Kg1
Kd4 92. Rb3 Kc4 93. Rf3 Ra1+ 94. Kg2 a2 95. Ra3 Kb4 96. Ra8 Kb3 97. Rb8+ 1/2-1/2

[Event "6th Sharjah Masters 2023"]
[Site "Sharjah UAE"]
[Date "2023.05.23"]
[Round "7.17"]
[White "Galperin, Platon"]
[Black "Sargsyan, Shant"]
[Result "1/2-1/2"]
[WhiteTitle "GM"]
[BlackTitle "GM"]
[WhiteElo "2528"]
[BlackElo "2630"]
[WhiteFideId "14165414"]
[BlackFideId "13306766"]
[EventDate "2023.05.17"]
[EventType "swiss"]

1. d4 d5 2. c4 e6 3. Nc3 Nf6 4. cxd5 exd5 5. Bf4 Bd6 6. Bxd6 Qxd6 7. e3 Bf5 8.
Qf3 Bg6 9. Nge2 Qb4 10. O-O-O Nbd7 11. Nf4 c6 12. h4 Nb6 13. Nd3 Qe7 14. h5 Be4
15. Qg3 O-O 16. h6 g6 17. Qe5 Rfe8 18. Qxe7 Rxe7 19. Nc5 Bf5 20. f3 g5 21. Re1
Rae8 22. Kd2 Nc8 23. g4 Bg6 24. Nd3 Nd7 25. Nf2 Nd6 26. b3 Nf8 27. Bd3 Bxd3 28.
Nxd3 Ng6 29. Rhf1 f6 30. e4 dxe4 31. Nxe4 Nxe4+ 32. fxe4 Rxe4 33. Rxf6 Rxe1 34.
Nxe1 Nf4 1/2-1/2

[Event "6th Sharjah Masters 2023"]
[Site "Sharjah UAE"]
[Date "2023.05.23"]
[Round "7.18"]
[White "Mendonca, Leon Luke"]
[Black "Maghsoodloo, Parham"]
[Result "1/2-1/2"]
[WhiteTitle "GM"]
[BlackTitle "GM"]
[WhiteElo "2603"]
[BlackElo "2734"]
[WhiteFideId "35028561"]
[BlackFideId "12539929"]
[EventDate "2023.05.17"]
[EventType "swiss"]

1. d4 Nf6 2. c4 e6 3. g3 d5 4. Bg2 Be7 5. Nf3 O-O 6. O-O c6 7. Qc2 b6 8. Nbd2 c5
9. dxc5 bxc5 10. b3 Nc6 11. Bb2 Bb7 12. Ne5 Nb4 13. Qb1 a5 14. cxd5 exd5 15. a3
Nc6 16. Nxc6 Bxc6 17. Qc2 Bb5 18. Rfe1 a4 19. Rac1 axb3 20. Qxb3 Ba4 21. Qf3 c4
22. e4 dxe4 23. Nxe4 Rc8 24. Bh3 Rc7 25. Be5 Nxe4 26. Qxe4 Bd6 27. Rxc4 Bxe5 28.
Rxa4 Bc3 29. Rc1 g6 30. Qf3 Qd2 31. Rd1 Qc2 32. Re4 Ra7 33. Qd3 Qxd3 1/2-1/2

[Event "6th Sharjah Masters 2023"]
[Site "Sharjah UAE"]
[Date "2023.05.23"]
[Round "7.19"]
[White "Moroni, Luca Jr"]
[Black "Vidit, Santosh Gujrathi"]
[Result "1/2-1/2"]
[WhiteTitle "GM"]
[BlackTitle "GM"]
[WhiteElo "2535"]
[BlackElo "2731"]
[WhiteFideId "865834"]
[BlackFideId "5029465"]
[EventDate "2023.05.17"]
[EventType "swiss"]

1. c4 g6 2. g3 c5 3. Bg2 Bg7 4. Nc3 Nc6 5. d3 Nf6 6. e3 e6 7. Nge2 d5 8. cxd5
exd5 9. d4 cxd4 10. exd4 O-O 11. O-O Bf5 12. Bg5 h6 13. Bxf6 Qxf6 14. Nxd5 Qd6
15. Ne3 Nxd4 1/2-1/2

[Event "6th Sharjah Masters 2023"]
[Site "Sharjah UAE"]
[Date "2023.05.23"]
[Round "7.20"]
[White "Predke, Alexandr"]
[Black "Vokhidov, Shamsiddin"]
[Result "0-1"]
[WhiteTitle "GM"]
[BlackTitle "GM"]
[WhiteElo "2685"]
[BlackElo "2586"]
[WhiteFideId "24107581"]
[BlackFideId "14204223"]
[EventDate "2023.05.17"]
[EventType "swiss"]

1. d4 Nf6 2. c4 e6 3. Nc3 Bb4 4. a3 Bxc3+ 5. bxc3 b6 6. f3 Nc6 7. e4 d6 8. Bd3
Na5 9. Nh3 e5 10. c5 Bxh3 11. gxh3 dxc5 12. dxc5 O-O 13. Rg1 Qe7 14. Bh6 Ne8 15.
Be3 Rd8 16. Qc2 Qe6 17. Rd1 Qxh3 18. Bg5 f6 19. Qa2+ Kh8 20. Rg3 Qh5 21. Be3 Nb7
22. Rd2 Nxc5 23. Bxc5 bxc5 24. Qc4 Nd6 25. Qxc5 Nf7 26. Bc4 Qh6 27. Rgg2 Ng5 28.
Rxd8 Nxf3+ 29. Ke2 Rxd8 30. Qxc7 Qd2+ 31. Kxf3 Qf4+ 32. Ke2 Qxe4+ 0-1

[Event "6th Sharjah Masters 2023"]
[Site "Sharjah UAE"]
[Date "2023.05.23"]
[Round "7.21"]
[White "Narayanan, S.L."]
[Black "Muradli, Mahammad"]
[Result "1-0"]
[WhiteTitle "GM"]
[BlackTitle "GM"]
[WhiteElo "2660"]
[BlackElo "2531"]
[WhiteFideId "5058422"]
[BlackFideId "13409301"]
[EventDate "2023.05.17"]
[EventType "swiss"]

1. c4 e6 2. Nc3 d5 3. d4 Nf6 4. cxd5 exd5 5. Bg5 c6 6. e3 h6 7. Bh4 Be7 8. Bd3
O-O 9. Bg3 Ne8 10. Nf3 Nd6 11. Qc2 Nd7 12. Ne5 Nf6 13. f3 Be6 14. O-O Qc8 15.
Rac1 c5 16. Qe2 c4 17. Bb1 b5 18. e4 Qb7 19. exd5 Bxd5 20. Ng4 Nxg4 21. fxg4
Rfe8 22. Qc2 g6 23. Rce1 b4 24. Nxd5 Qxd5 25. Qf2 Bf8 26. Re5 Rxe5 27. Bxe5 Bg7
28. Bxg7 Kxg7 29. Qf6+ Kg8 30. Bxg6 fxg6 31. Qxg6+ Kh8 32. Qxh6+ Kg8 33. Qg6+
Kh8 34. Rf4 c3 35. bxc3 bxc3 36. g5 Nf5 37. Qxf5 1-0

[Event "6th Sharjah Masters 2023"]
[Site "Sharjah UAE"]
[Date "2023.05.23"]
[Round "7.22"]
[White "Ju, Wenjun"]
[Black "Aravindh, Chithambaram VR."]
[Result "1/2-1/2"]
[WhiteTitle "GM"]
[BlackTitle "GM"]
[WhiteElo "2550"]
[BlackElo "2633"]
[WhiteFideId "8603006"]
[BlackFideId "5072786"]
[EventDate "2023.05.17"]
[EventType "swiss"]

1. d4 Nf6 2. c4 g6 3. g3 c6 4. Bg2 d5 5. cxd5 cxd5 6. Nc3 Bg7 7. Nf3 O-O 8. Ne5
e6 9. O-O Bd7 10. b3 Nc6 11. Nxd7 Qxd7 12. Bb2 Rfc8 13. Rc1 Ne7 14. Qd3 Nf5 15.
e3 h5 16. Rc2 Rc7 17. Rfc1 Rac8 18. Ne2 Bh6 19. Rxc7 Rxc7 20. Rxc7 Qxc7 21. Qc3
Qd7 22. Qd3 h4 23. Nc3 hxg3 24. hxg3 Qc7 25. e4 dxe4 26. Nxe4 Nxe4 27. Bxe4 Bg7
28. Kf1 Nd6 29. Bf3 Qb6 30. Kg2 Nf5 31. Qc4 Bf6 32. Qc8+ Kg7 33. Ba3 Qd8 34.
Qxd8 Bxd8 35. Bxb7 Nxd4 36. f4 Bb6 37. Bb2 a5 38. Bc3 Kf6 39. b4 a4 40. a3 Ke7
41. Bb2 Kd6 42. Be4 f5 43. Bd3 Kd5 44. Kf1 Bc7 45. Kg2 e5 46. fxe5 Bxe5 47. Ba6
g5 48. Bxd4 Bxd4 49. Bb5 Ke5 1/2-1/2

[Event "6th Sharjah Masters 2023"]
[Site "Sharjah UAE"]
[Date "2023.05.23"]
[Round "7.23"]
[White "Sanal, Vahap"]
[Black "Karthikeyan, Murali"]
[Result "0-1"]
[WhiteTitle "GM"]
[BlackTitle "GM"]
[WhiteElo "2600"]
[BlackElo "2627"]
[WhiteFideId "6300545"]
[BlackFideId "5074452"]
[EventDate "2023.05.17"]
[EventType "swiss"]

1. e4 e5 2. Nf3 Nc6 3. Bb5 a6 4. Ba4 d6 5. d4 Bd7 6. c3 Nf6 7. O-O g6 8. Re1 Bg7
9. Bc2 O-O 10. Be3 Re8 11. Nbd2 a5 12. a3 a4 13. h3 b5 14. Bd3 Rb8 15. Rc1 Na5
16. Bb1 Qe7 17. Ba2 h6 18. Qc2 c5 19. Rcd1 Rec8 20. Qd3 Be8 21. d5 b4 22. c4 Bd7
23. Bb1 Rf8 24. Bc2 Nh7 25. Nh2 Nf6 26. g4 h5 27. f3 Kh8 28. Re2 Nh7 29. Kg2 Qh4
30. Bf2 Qd8 31. Rg1 Bh6 32. Nhf1 Bf4 33. Ne3 Qf6 34. Kf1 h4 35. Kg2 Kg7 36. Ra1
Rb7 37. Be1 Rfb8 38. Ndf1 Ng5 39. axb4 Rxb4 40. Bxb4 Rxb4 41. Rf2 Qd8 42. Ra3
Qb6 43. Qc3 Be8 44. Bd1 Kh6 45. Re2 Bd7 46. Qe1 Kg7 47. Qxh4 Nxc4 48. Nxc4 Rxc4
49. Qe1 Rc1 50. h4 Nh7 51. Rc2 Rb1 52. Nd2 Qb4 53. Rac3 Rxb2 54. Rxb2 Qxb2 55.
Rc2 Qb4 56. Be2 Nf6 57. Kf1 Qa5 58. Nc4 Qd8 59. Rb2 Bxg4 60. fxg4 Nxe4 61. g5
Qh8 62. Kg2 Bg3 63. Qxg3 Nxg3 64. Kxg3 Qa8 65. Rd2 Qb8 66. Rd3 Qb4 67. Rf3 Qe1+
68. Rf2 e4 69. Kg2 a3 70. Nxd6 Qxf2+ 71. Kxf2 a2 72. Nxe4 a1=Q 73. d6 Qd4+ 74.
Kf3 c4 75. d7 Qxd7 76. Bxc4 Qh3+ 77. Kf4 Qh2+ 78. Ke3 Qxh4 79. Kd4 Kf8 80. Bd5
Qf4 81. Kd3 Qf3+ 82. Kd4 Qd1+ 83. Kc4 Ke7 84. Kc5 Qd3 85. Kc6 Qd4 86. Nc5 Qc3
87. Kb5 Qd2 0-1

[Event "6th Sharjah Masters 2023"]
[Site "Sharjah UAE"]
[Date "2023.05.23"]
[Round "7.24"]
[White "Indjic, Aleksandar"]
[Black "Asis Gargatagli, Hipolito"]
[Result "1-0"]
[WhiteTitle "GM"]
[BlackTitle "GM"]
[WhiteElo "2618"]
[BlackElo "2519"]
[WhiteFideId "911925"]
[BlackFideId "2260735"]
[EventDate "2023.05.17"]
[EventType "swiss"]

1. d4 Nf6 2. Bg5 e6 3. Nd2 c5 4. e3 cxd4 5. exd4 Be7 6. c3 Nc6 7. Ngf3 Nd5 8.
Bxe7 Ncxe7 9. g3 O-O 10. Bd3 b6 11. Qe2 Bb7 12. a3 a6 13. O-O Ng6 14. Rfe1 f5
15. c4 Nf6 16. h3 Qc7 17. Rac1 Rae8 18. b4 d6 19. c5 dxc5 20. dxc5 e5 21. cxb6
Qxb6 22. Bxf5 e4 23. Qc4+ Kh8 24. Bxg6 hxg6 25. Nh4 Nd7 26. Re3 Rc8 27. Qf1 Rxc1
28. Qxc1 Qf6 29. Qf1 g5 30. Ng2 Ne5 31. Ne1 Qf5 32. g4 Qf4 33. Qe2 Rc8 34. Nxe4
Nc4 35. Nd3 Qc7 36. Nxg5 Nxe3 37. Qxe3 Qc6 38. f3 Re8 39. Ne5 Kg8 40. Kf2 Qd5
41. Ngf7 Qa2+ 42. Kg3 Qxf7 43. f4 Qd5 44. Qb6 Rf8 45. Ng6 Re8 46. f5 Qd3+ 47.
Kh4 Qd8+ 48. Qxd8 Rxd8 49. Nf4 Rc8 50. Kg5 Rc3 51. a4 Rc4 52. b5 a5 53. Ne6 Bd5
54. Nf4 Bf7 1-0

[Event "6th Sharjah Masters 2023"]
[Site "Sharjah UAE"]
[Date "2023.05.23"]
[Round "7.25"]
[White "Harsha, Bharathakoti"]
[Black "Robson, Ray"]
[Result "1/2-1/2"]
[WhiteTitle "GM"]
[BlackTitle "GM"]
[WhiteElo "2602"]
[BlackElo "2704"]
[WhiteFideId "5078776"]
[BlackFideId "2023970"]
[EventDate "2023.05.17"]
[EventType "swiss"]

1. d4 Nf6 2. c4 e6 3. Nc3 Bb4 4. e3 O-O 5. Bd2 d5 6. Nf3 Re8 7. Rc1 c5 8. a3
Bxc3 9. Bxc3 cxd4 10. Bxd4 Nc6 11. Bc3 e5 12. cxd5 Nxd5 13. Bc4 Be6 14. O-O Nxc3
15. Rxc3 Qxd1 16. Rxd1 Rad8 17. Rd2 Rxd2 1/2-1/2